| 000 | 00406nam a2200169Ia 4500 | ||
|---|---|---|---|
| 008 | 180523s9999 xx 000 0 und d | ||
| 020 | _a1-84205-334-5 | ||
| 050 | _aMAIN PE 1483 | ||
| 050 | _b.G85 2005 | ||
| 245 | 2 | _aA Guide to letter-writing / | |
| 260 | _aNew Lanark : | ||
| 260 | _bGeddes & Grosset, | ||
| 260 | _c2005 | ||
| 300 | _a383 pages : | ||
| 300 | _c20 cm. | ||
| 650 | _aLetter writing. | ||
| 999 |
_c357392 _d357392 |
||